| 000 | 00692nam a2200205 a 4500 | ||
|---|---|---|---|
| 001 | 2241 | ||
| 003 | CDMR | ||
| 005 | 20131104154130.0 | ||
| 008 | 130130s1969||||||||||||||||||||||||||||d | ||
| 040 |
_aCDMR _bcat _cCPC GIRONA |
||
| 100 | 1 |
_aSommerlad, Ernest Lloyd _91666 |
|
| 245 | 1 | 3 |
_aLa prensa en los países en desarrollo _cE. Lloyd Sommerlad ; traducción al español por Agustín Contin |
| 260 |
_c1969 _bUnión Tipográfica Editorial Hispano Americana _aMéxico |
||
| 300 | _a296 p. | ||
| 490 | 0 |
_aManuales UTEHA. _v374 |
|
| 490 | 0 |
_aCiencias Sociales _v14 |
|
| 650 | 0 | 4 |
_94251 _aPremsa _zPaïsos en vies de desenvolupament |
| 650 | 0 | 4 |
_92799 _aPeriodisme _xAspectes socials |
| 942 |
_cMON _2udc |
||
| 999 |
_c2241 _d2241 |
||